| 000 | 00539nam a2200181Ia 4500 | ||
|---|---|---|---|
| 003 | IN-BaIIA | ||
| 008 | 211028s9999 xx 000 0 eng d | ||
| 040 | _cIIA Library | ||
| 080 |
_a550.3 _bSCH |
||
| 100 |
_aSchmidt, Otto _93583 |
||
| 245 | 2 |
_aA theory of earth's origin _cOtto Schmidt |
|
| 260 |
_aMoscow _bForeign Languages Publishing House _c1958 |
||
| 300 | _a138p | ||
| 650 | _aAstronomy and Astrophysics Thesaurus | ||
| 650 | _aEarth | ||
| 650 |
_aOrigin of Earth _93584 |
||
| 942 | _cBK | ||
| 999 |
_c1870 _d1870 |
||